| 000 | 00000nam 2200000zi 4500 |
| 001 | 9.936282 |
| 003 | CaOODSP |
| 005 | 20240403133620 |
| 006 | m o d f |
| 007 | cr |n |||||||| |
| 008 | 240403t19891989onc ow f001 0 eng d |
| 020 | |z0662567277 |
| 040 | |aCaOODSP|beng|erda|cCaOODSP |
| 041 | |aeng|afre |
| 043 | |an-cn--- |
| 086 | 1 |aYX76-H6/1989-PDF|zYX76-H6/1989 |
| 240 | 10|aCanadian Human Rights Act |
| 245 | 00|aOffice consolidation : |bCanadian Human Rights Act = codification administrative : Loi canadienne sur les droits de la personne. |
| 246 | 11|aCodification administrative : |bLoi canadienne sur les droits de la personne |
| 264 | 1|a[Ottawa] : |bSupply and Services Canada, |cJanuary 1989. |
| 264 | 4|c©1989 |
| 300 | |a1 online resource (vi, vi, 37 pages) |
| 336 | |atext|btxt|2rdacontent |
| 337 | |acomputer|bc|2rdamedia |
| 338 | |aonline resource|bcr|2rdacarrier |
| 500 | |aDigitized edition from print [by Department of Justice Canada]. |
| 500 | |aIncludes index. |
| 500 | |a"R.S., 1985, c. H-6, amended by R.S., c. 1985, c.31 (1st Supp), R.S., c. 1985, c. 32 (2nd Supp.)." |
| 505 | 0 |aChapter H-6 : an Act to extend the laws in Canada that proscribe discrimination. |
| 546 | |aText in English and French. |
| 650 | 0|aCivil rights|zCanada. |
| 650 | 0|aDiscrimination|xLaw and legislation |zCanada. |
| 710 | 1 |aCanada. |bSupply and Services Canada, |eissuing body. |
| 776 | 0#|tCanadian Human Rights Act : |w(CaOODSP)9.652963 |
| 792 | |tOffice consolidation : |efre|w(CaOODSP)9.936281 |
| 856 | 40|qPDF|s729 KB|uhttps://publications.gc.ca/collections/collection_2024/jus/YX76-H6-1989.pdf |